Statistiken für Schweizer Fußballspieler mit mehr als 20 Toren

Klicken Sie hier um das Quiz zu spielen!

Allgemein

  • Dieses Quiz wurde 51 mal gespielt
  • Das Durchschnittsergebnis liegt bei 3 aus 12

Antwortstatistiken

AktivToreLetzter VereinSpieler% Korrekt
seit 2010Chicago FireXherdan Shaqiri
84%
2001-201142FC BaselAlexander Frei
80%
1989-200421FC Lausanne-SportStéphane Chapuisat
39%
seit 201325Al-WaslHaris Seferović
37%
2000-2011AC BellinzonaHakan Yakin
14%
1989-199626FC BaselAdrian Knup
10%
1988-2001AC BellinzonaKubilay Türkyılmaz
8%
1922-193734Grasshopper Club ZürichMax Abegglen
8%
1948-196222FC La Chaux-de-FondsCharles Antenen
4%
1946-195529Servette FCJacques Fatton
4%
1951-196123FC LaufenJosef Hügi
2%
1935-194820Grasshopper Club ZürichLauro Amadò
2%

Verteilung der Resultate

Perzentil nach korrekt beantworteten Fragen

Anzahl Personen mit jedem Resultat

Ihre Resultats-Entwicklung

Sie haben dieses Quiz noch nicht gespielt